Phan Thanh Giản : 1796 - 1867 /
Saved in:
| Main Author: | |
|---|---|
| Format: | Book (Paper) |
| Language: | Vietnamese |
| Published: |
TP. HCM :
Tân việt,
1957.
|
| Edition: | In lần thứ hai |
| Series: | Tủ sách những mảnh gương Tân Việt.
Việt Nam chí sĩ. |
| Tags: |
Add Tag
No Tags, Be the first to tag this record!
|
| Institutions: | Thư viện Trường Đại học Đà Lạt |
|---|
| LEADER | 00759nam a2200313 4500 | ||
|---|---|---|---|
| 001 | DLU130150549 | ||
| 005 | ##20130827 | ||
| 040 | # | # | |a DLU |b vie |
| 041 | # | # | |a vie |
| 044 | # | # | |a vn |
| 082 | # | # | |a 923.2 |b NA-T |
| 100 | # | # | |a Nam Xuân Thọ. |
| 245 | # | # | |a Phan Thanh Giản : |b 1796 - 1867 / |c Nam Xuân Thọ. |
| 250 | # | # | |a In lần thứ hai |
| 260 | # | # | |a TP. HCM : |b Tân việt, |c 1957. |
| 300 | # | # | |a 105 tr. ; |c 21 cm. |
| 490 | # | # | |a Tủ sách những mảnh gương Tân Việt. |
| 490 | # | # | |a Việt Nam chí sĩ. |
| 923 | # | # | |a 100/2013 |
| 991 | # | # | |a SH |
| 992 | # | # | |a 0 |
| 994 | # | # | |a DLU |
| 900 | # | # | |a True |
| 911 | # | # | |a Đào Thị Thu Huyền |
| 925 | # | # | |a G |
| 926 | # | # | |a A |
| 927 | # | # | |a SH |
| 980 | # | # | |a Thư viện Trường Đại học Đà Lạt |